3 Personnages, une série TV - Statistiques

Statistiques générales
  • Ce quiz a été pris 233 fois
  • Le résultat moyen est 12 sur 30
Statistiques - réponses
Réponse % Correct
La Casa de Papel
81%
Game of Thrones
78%
The Walking Dead
78%
Friends
74%
Breaking Bad
71%
Vikings
68%
Peaky Blinders
67%
Stranger Things
65%
Malcolm
64%
Desperate Housewives
61%
La Petite Maison dans la Prairie
57%
Prison Break
56%
Dr House
46%
The 100
43%
L'Agence tous Risques
34%
24 Heures Chrono
29%
Esprits Criminels
28%
Orange is the New Black
27%
Sex and the City
27%
The Mandalorian
27%
NCIS : Enquêtes spéciales
24%
Dallas
21%
Lost : Les Disparus
20%
House of Cards
19%
The Handmaid's Tale : La Servante écarlate
12%
Nip/Tuck
11%
La Croisière s'amuse
7%
Westworld
6%
Reine du Sud
4%
Banshee
3%
Aucun quiz correspondant
Distribution des résultats
% des personnes avec chaque résultat
Percentile par nombre de réponses
Votre historique - résultats
Vous n’avez pas pris ce quiz